Die Mekong-Länder auf einer leeren Karte - Statistiken

Allgemein
  • Dieses Quiz wurde 338 mal gespielt
  • Das Durchschnittsergebnis liegt bei 6 aus 6
Antworten auf der Karte
Die Antworten werden auf der Karte rot bzw. grün angezeigt, abhängig davon wie oft sie richtig erraten wurden.
 
Antwortstatistiken
Land % Korrekt
Laos
100%
Thailand
99%
Vietnam
99%
China
98%
Birma
96%
Kambodscha
96%
Keine übereinstimmenden Quizze gefunden
Verteilung der Resultate
Anzahl Personen mit jedem Resultat
Perzentil nach korrekt beantworteten Fragen
Ihre Resultats-Entwicklung
Sie haben dieses Quiz noch nicht gespielt